[Event "DEN-chT 2324 61st"]
[Site "Denmark"]
[Date "2024.03.03"]
[Round "7.4"]
[White "Bromann, Thorbjorn"]
[Black "Jorgensen, Brian"]
[Result "1-0"]
[WhiteElo "2367"]
[BlackElo "2267"]
[PlyCount "83"]
[EventDate "2023.10.28"]
[EventType "team-tourn"]
[EventRounds "9"]
[EventCountry "DEN"]
[SourceTitle "CB11_2024"]
[SourceDate "2024.03.13"]
[SourceVersion "1"]
[SourceVersionDate "2024.03.13"]
[SourceQuality "1"]
[WhiteTeam "Bronshoj"]
[BlackTeam "Koge"]
[WhiteTeamCountry "DEN"]
[BlackTeamCountry "DEN"]

1. d4 d5 2. Bg5 Bf5 3. e3 Nd7 4. c4 c6 5. cxd5 Bxb1 6. Rxb1 Qa5+ 7. b4 Qxd5 8. Nf3 Ngf6 9. Qc2 Nb6 10. Bd3 h6 11. Bh4 e6 12. b5 c5 13. Bxf6 gxf6 14. Be4 Qc4 15. Qxc4 Nxc4 16. Bxb7 Rb8 17. Bc6+ Kd8 18. dxc5 Bxc5 19. Ke2 Bd6 20. Rhd1 Ke7 21. Rd4 Na5 22. Be4 f5 23. Bd3 Bc7 24. Ra4 Kf6 25. Rbb4 Bb6 26. e4 fxe4 27. Rxe4 Nb7 28. Rf4+ Ke7 29. Ne5 Rbf8 30. Nc6+ Kd6 31. Nxa7 Nc5 32. Rad4+ Kc7 33. Nc6 f5 34. a4 Ra8 35. Bc2 Ne4 36. Rc4 Nd6 37. Rc3 Kb7 38. Rg3 Rh7 39. Rg6 e5 40. Rh4 Ne4 41. f3 Nc5 42. Rc4 1-0

[Event "DEN-chT 2324 61st"]
[Site "Denmark"]
[Date "2024.01.28"]
[Round "6.2"]
[White "Bromann, Thorbjorn"]
[Black "Hansen, Mads"]
[Result "0-1"]
[WhiteElo "2367"]
[BlackElo "2388"]
[PlyCount "130"]
[EventDate "2023.10.28"]
[EventType "team-tourn"]
[EventRounds "9"]
[EventCountry "DEN"]
[SourceTitle "CB11_2024"]
[SourceDate "2024.03.13"]
[SourceVersion "1"]
[SourceVersionDate "2024.03.13"]
[SourceQuality "1"]
[WhiteTeam "Bronshoj"]
[BlackTeam "Frem"]
[WhiteTeamCountry "DEN"]
[BlackTeamCountry "DEN"]

1. b3 e5 2. Bb2 Nc6 3. e3 g6 4. Bb5 Bg7 5. Nf3 Qe7 6. 0-0 a6 7. Be2 f5 8. d4 e4 9. Nfd2 Nf6 10. c4 0-0 11. Nc3 d6 12. a3 h5 13. Rc1 f4 14. Nd5 Nxd5 15. cxd5 fxe3 16. fxe3 Nd8 17. Qc2 Bh6 18. Rxf8+ Kxf8 19. Rf1+ Nf7 20. Nxe4 Bf5 21. Bd3 Bxe3+ 22. Kh1 Kg7 23. Nc3 Nh6 24. Nd1 Bg5 25. Nf2 Rf8 26. Bxf5 Rxf5 27. h3 Bh4 28. Bc3 Qf7 29. Kg1 Rf4 30. Bd2 Bxf2+ 31. Rxf2 Rxf2 32. Bxh6+ Kxh6 33. Qxf2 Qxd5 34. Qf8+ Kg5 35. Qe7+ Kf5 36. Qd7+ Ke4 37. Qe8+ Kxd4 38. Qxg6 Qe5 39. Qc2 Qc5 40. Qd1+ Kc3+ 41. Kh1 Kb2 42. Qf3 d5 43. Qe2+ Kxb3 44. Qxh5 Qc1+ 45. Kh2 Qf4+ 46. Kh1 d4 47. Qd5+ Kc3 48. Qc5+ Kd3 49. g4 Ke2 50. Qc4+ Ke3 51. Qc1+ Kf3 52. Qd1+ Kg3 53. Qg1+ Kxh3 54. Qg2+ Kh4 55. g5 d3 56. g6 d2 57. Qe2 Qd4 58. Qd1 Qe4+ 59. Kh2 Qe1 60. Qa4+ Kh5 61. g7 Qe5+ 62. Kh1 Qxg7 63. Qd1+ Qg4 64. Qxd2 Qh4+ 65. Kg2 Qg5+ 0-1

[Event "DEN-chT 2324 61st"]
[Site "Denmark"]
[Date "2023.12.10"]
[Round "4.4"]
[White "Bromann, Thorbjorn"]
[Black "Percivaldi, Martin"]
[Result "1/2-1/2"]
[WhiteElo "2367"]
[BlackElo "2388"]
[PlyCount "43"]
[EventDate "2023.10.28"]
[EventType "team-tourn"]
[EventRounds "9"]
[EventCountry "DEN"]
[SourceTitle "CB11_2024"]
[SourceDate "2024.03.13"]
[SourceVersion "1"]
[SourceVersionDate "2024.03.13"]
[SourceQuality "1"]
[WhiteTeam "Bronshoj"]
[BlackTeam "Hillerod"]
[WhiteTeamCountry "DEN"]
[BlackTeamCountry "DEN"]

1. b3 Nf6 2. Bb2 e6 3. g3 Be7 4. Bg2 0-0 5. e4 d5 6. e5 Nfd7 7. d4 c5 8. dxc5 Nc6 9. Nf3 Qc7 10. Qe2 Nxc5 11. 0-0 b5 12. a3 a5 13. Nc3 Rb8 14. Rfc1 Ba6 15. Qe3 b4 16. axb4 axb4 17. Ne2 Ra8 18. Ned4 Nxd4 19. Bxd4 Ne4 20. c4 bxc3 21. Ne1 Bb7 22. Bxe4 1/2-1/2

[Event "DEN-chT 2223 60th"]
[Site "Denmark"]
[Date "2022.11.20"]
[Round "3.4"]
[White "Smith, Axel"]
[Black "Bromann, Thorbjorn"]
[Result "1/2-1/2"]
[WhiteElo "2402"]
[BlackElo "2374"]
[PlyCount "97"]
[EventDate "2022.10.29"]
[EventType "team-tourn"]
[EventRounds "9"]
[EventCountry "DEN"]
[SourceTitle "EXT 2024"]
[Source "ChessBase"]
[SourceDate "2023.10.10"]
[SourceVersion "1"]
[SourceVersionDate "2023.10.10"]
[SourceQuality "1"]
[WhiteTeam "Koge Xtracon"]
[BlackTeam "Bronshoj"]
[WhiteTeamCountry "DEN"]
[BlackTeamCountry "DEN"]

1. e4 e6 2. Nf3 d5 3. exd5 exd5 4. d4 Nc6 5. Bb5 Bd6 6. c4 dxc4 7. d5 a6 8. Ba4 b5 9. dxc6 bxa4 10. 0-0 Ne7 11. Nbd2 Nxc6 12. Nxc4 0-0 13. Qxa4 Bd7 14. Nxd6 cxd6 15. Qf4 Qb8 16. Qg3 f6 17. b3 Ne5 18. Ba3 a5 19. Rfd1 Ra6 20. Rd2 Nf7 21. Rad1 Rc8 22. h3 Rcc6 23. Bb2 Kh8 24. Re1 Qf8 25. Nd4 Rc8 26. Ne6 Qg8 27. Nf4 Ne5 28. Nd5 Rc5 29. Ne3 Rb5 30. f4 Ng6 31. Red1 a4 32. Nd5 Qa8 33. Kh2 Rc6 34. h4 Be6 35. h5 Rxd5 36. Rxd5 Bxd5 37. hxg6 Rc2 38. Rxd5 Qxd5 39. Qh3 h6 40. Bxf6 Kg8 41. Bd4 Qe4 42. Qg4 a3 43. b4 Qe2 44. Qh3 Qe4 45. Qg4 Qe2 46. Qh3 Qe4 47. Qg4 h5 48. Qg5 Rc8 49. Qg3 1/2-1/2

[Event "DEN-chT 2122 59th"]
[Site "Denmark"]
[Date "2022.03.20"]
[Round "9.1"]
[White "Hansen, Soren Bech"]
[Black "Bromann, Thorbjorn"]
[Result "0-1"]
[WhiteElo "2296"]
[BlackElo "2385"]
[PlyCount "97"]
[EventDate "2021.10.30"]
[EventType "team-tourn"]
[EventRounds "9"]
[EventCountry "DEN"]
[SourceTitle "EXT 2023"]
[Source "ChessBase"]
[SourceDate "2022.10.05"]
[SourceVersion "1"]
[SourceVersionDate "2022.10.05"]
[SourceQuality "1"]
[WhiteTeam "Obro"]
[BlackTeam "Bronshoj"]
[WhiteTeamCountry "DEN"]
[BlackTeamCountry "DEN"]

1. e4 g6 2. d4 Bg7 3. Nf3 d6 4. c3 Nf6 5. Bd3 0-0 6. 0-0 Nc6 7. h3 e5 8. Na3 exd4 9. Nxd4 Re8 10. Re1 Nd7 11. Nf3 Nc5 12. Bc2 h6 13. Nb5 b6 14. b4 Nd7 15. Rb1 a5 16. a3 Bb7 17. Bb2 Nce5 18. Nxe5 Nxe5 19. Bb3 Qd7 20. Nd4 b5 21. a4 Nc4 22. axb5 Nxb2 23. Rxb2 axb4 24. cxb4 Rxe4 25. Rxe4 Bxe4 26. Ra2 Rxa2 27. Bxa2 Qe8 28. Nc6 Bxc6 29. bxc6 Qxc6 30. Qb3 Qc1+ 31. Kh2 Qf4+ 32. Kg1 Qc1+ 33. Kh2 Qf4+ 34. Kg1 Bd4 35. Qf3 Qxf3 36. gxf3 Be5 37. b5 g5 38. Kf1 Kg7 39. Ke2 Bh2 40. Bd5 Kg6 41. Ke3 f5 42. Bc6 Kf6 43. Bd7 Ke5 44. Bc8 Bf4+ 45. Kd3 Bc1 46. Bd7 Ba3 47. Bc8 Bc5 48. Ke2 Bb6 49. Bd7 0-1

[Event "ISL-chT1 2122"]
[Site "Reykjavik"]
[Date "2022.03.06"]
[Round "10.1"]
[White "Stefansson, Hannes"]
[Black "Bromann, Thorbjorn"]
[Result "1-0"]
[WhiteElo "2511"]
[BlackElo "2385"]
[PlyCount "55"]
[EventDate "2021.09.30"]
[EventType "team-tourn"]
[EventRounds "10"]
[EventCountry "ISL"]
[SourceTitle "EXT 2023"]
[Source "ChessBase"]
[SourceDate "2022.10.05"]
[SourceVersion "1"]
[SourceVersionDate "2022.10.05"]
[SourceQuality "1"]
[WhiteTeam "Taflfelag Gardabaejar"]
[BlackTeam "Skakfelag Akureyrar"]
[WhiteTeamCountry "ISL"]
[BlackTeamCountry "ISL"]

1. d4 e6 2. c4 Bb4+ 3. Bd2 c5 4. Bxb4 cxb4 5. Nd2 Nf6 6. e4 d6 7. Qa4+ Nc6 8. d5 Qa5 9. Qxa5 Nxa5 10. a3 b3 11. Ne2 0-0 12. f3 b5 13. cxb5 exd5 14. exd5 Bb7 15. Kf2 Rac8 16. Nd4 Bxd5 17. Bd3 Bc4 18. Bxc4 Nxc4 19. Nxc4 Rxc4 20. Rad1 Rfc8 21. Rhe1 d5 22. Nxb3 Rb8 23. Nd4 a6 24. b3 Rc5 25. bxa6 Ra8 26. b4 Rc3 27. b5 Rxa3 28. Nc6 1-0

[Event "DEN-chT 2122 59th"]
[Site "Denmark"]
[Date "2022.02.27"]
[Round "7.1"]
[White "Matthiesen, Arne"]
[Black "Bromann, Thorbjorn"]
[Result "1/2-1/2"]
[WhiteElo "2312"]
[BlackElo "2385"]
[PlyCount "44"]
[EventDate "2021.10.30"]
[EventType "team-tourn"]
[EventRounds "9"]
[EventCountry "DEN"]
[SourceTitle "EXT 2023"]
[Source "ChessBase"]
[SourceDate "2022.10.05"]
[SourceVersion "1"]
[SourceVersionDate "2022.10.05"]
[SourceQuality "1"]
[WhiteTeam "Copenhagen 68"]
[BlackTeam "Bronshoj"]
[WhiteTeamCountry "DEN"]
[BlackTeamCountry "DEN"]

1. d4 e6 2. Nf3 Nf6 3. g3 b5 4. Bg2 Bb7 5. 0-0 c5 6. c3 Be7 7. Bg5 d6 8. dxc5 dxc5 9. Qxd8+ Bxd8 10. a4 b4 11. Nbd2 0-0 12. Nc4 Bd5 13. Nfe5 bxc3 14. bxc3 Ne4 15. Bxd8 Rxd8 16. Bxe4 Bxe4 17. f3 Bd5 18. e4 Bxc4 19. Nxc4 Nc6 20. Rfd1 Kf8 21. Kf2 Rab8 22. Rxd8+ Nxd8 1/2-1/2

[Event "Oberliga Nord N 2122"]
[Site "Germany"]
[Date "2021.11.21"]
[Round "2.3"]
[White "Bromann, Thorbjorn"]
[Black "Bracker, Arne"]
[Result "1-0"]
[WhiteElo "2374"]
[BlackElo "2266"]
[PlyCount "28"]
[EventDate "2021.10.31"]
[EventType "team-tourn"]
[EventRounds "9"]
[EventCountry "GER"]
[SourceTitle "EXT 2023"]
[Source "ChessBase"]
[SourceDate "2022.10.05"]
[SourceVersion "1"]
[SourceVersionDate "2022.10.05"]
[SourceQuality "1"]
[WhiteTeam "Kiel Turm II"]
[BlackTeam "Hamburger SK III"]
[WhiteTeamCountry "GER"]
[BlackTeamCountry "GER"]

1. d4 Nf6 2. Nc3 d5 3. Bg5 c5 4. Bxf6 gxf6 5. e3 Nc6 6. Qh5 cxd4 7. exd4 Rg8 8. Qxd5 Qc7 9. 0-0-0 Be6 10. Qe4 Bg4 11. f3 Bh5 12. d5 Ne5 13. d6 Bh6+ 14. Kb1 exd6 1-0

[Event "ISL-chT1 2122"]
[Site "Reykjavik"]
[Date "2021.10.03"]
[Round "5.1"]
[White "Bromann, Thorbjorn"]
[Black "Stefansson, Hannes"]
[Result "0-1"]
[WhiteElo "2385"]
[BlackElo "2511"]
[PlyCount "68"]
[EventDate "2021.09.30"]
[EventType "team-tourn"]
[EventRounds "10"]
[EventCountry "ISL"]
[SourceTitle "EXT 2022"]
[Source "ChessBase"]
[SourceDate "2021.10.06"]
[SourceVersion "1"]
[SourceVersionDate "2021.10.06"]
[SourceQuality "1"]
[WhiteTeam "Skakfelag Akureyrar"]
[BlackTeam "Taflfelag Gardabaejar"]
[WhiteTeamCountry "ISL"]
[BlackTeamCountry "ISL"]

1. d4 Nf6 2. Bg5 e6 3. e4 h6 4. Bxf6 Qxf6 5. c3 d6 6. Bd3 Qg6 7. Nf3 e5 8. Nbd2 Nd7 9. Qb3 Be7 10. 0-0-0 0-0 11. h4 a5 12. h5 Qf6 13. Nc4 a4 14. Qc2 a3 15. b3 exd4 16. cxd4 c5 17. Ne3 Nb6 18. e5 dxe5 19. dxe5 Qc6 20. Be4 Qb5 21. Nd5 Nxd5 22. Bxd5 Be6 23. Bxe6 fxe6 24. Rd3 Qb4 25. Rd7 c4 26. Nd2 Bg5 27. Kb1 Qb5 28. Rc7 Qxe5 29. Rxc4 Rxf2 30. Rc8+ Rxc8 31. Qxc8+ Rf8 32. Qc2 Bf6 33. Kc1 Qa1+ 34. Nb1 Rd8 0-1

[Event "Titled Tuesday intern op 13th Apr"]
[Site "Chess.com INT"]
[Date "2021.04.13"]
[Round "2"]
[White "Carroll, Thomas"]
[Black "Bromann, Thorbjorn"]
[Result "0-1"]
[WhiteElo "2033"]
[BlackElo "2392"]
[PlyCount "70"]
[EventDate "2021.04.13"]
[EventType "swiss (blitz)"]
[EventRounds "11"]
[EventCountry "USA"]
[SourceTitle "CBM 201 Extra"]
[Source "ChessBase"]
[SourceDate "2021.05.31"]
[SourceVersion "1"]
[SourceVersionDate "2021.05.31"]
[SourceQuality "1"]

1. d4 g6 2. e4 Bg7 3. c3 d6 4. Nf3 Nc6 5. Bd3 e5 6. d5 Nce7 7. c4 f5 8. exf5 gxf5 9. Ng5 Nf6 10. Nc3 0-0 11. Bd2 a6 12. Qe2 c6 13. 0-0-0 cxd5 14. cxd5 b5 15. a3 h6 16. Ne6 Bxe6 17. dxe6 Qc8 18. g4 Qxe6 19. gxf5 Nxf5 20. Rhg1 Kf7 21. Ne4 Nd4 22. Rxg7+ Kxg7 23. Bxh6+ Kh8 24. Bg7+ Kxg7 25. Rg1+ Kh8 26. Qe3 Nxe4 27. Qxe4 Qh6+ 28. Kb1 Nf5 29. Rg4 Rac8 30. Qb4 Rc1+ 31. Ka2 Rc4 32. Bxc4 bxc4 33. Qxc4 Re8 34. Qe4 Qe6+ 35. b3 d5 0-1

[Event "Titled Tuesday intern op 13th Apr"]
[Site "Chess.com INT"]
[Date "2021.04.13"]
[Round "3"]
[White "Grigoriants, Sergey"]
[Black "Bromann, Thorbjorn"]
[Result "0-1"]
[WhiteElo "2546"]
[BlackElo "2392"]
[PlyCount "36"]
[EventDate "2021.04.13"]
[EventType "swiss (blitz)"]
[EventRounds "11"]
[EventCountry "USA"]
[SourceTitle "CBM 201 Extra"]
[Source "ChessBase"]
[SourceDate "2021.05.31"]
[SourceVersion "1"]
[SourceVersionDate "2021.05.31"]
[SourceQuality "1"]

1. e4 e6 2. d4 d5 3. Nc3 dxe4 4. Nxe4 Nd7 5. c3 Ngf6 6. Bd3 c5 7. Nf3 cxd4 8. Nxd4 Nc5 9. Nxf6+ gxf6 10. Bc2 e5 11. Nf5 Qxd1+ 12. Kxd1 Be6 13. b3 Rg8 14. g3 Bd5 15. Rg1 Bf3+ 16. Kd2 Be4 17. c4 0-0-0+ 18. Kc3 Nd3 0-1

[Event "Titled Tuesday intern op 06th Apr"]
[Site "Chess.com INT"]
[Date "2021.04.06"]
[Round "2"]
[White "Bromann, Thorbjorn"]
[Black "Kazarian, Anna Maja"]
[Result "0-1"]
[WhiteElo "2392"]
[BlackElo "2096"]
[PlyCount "82"]
[EventDate "2021.04.06"]
[EventType "swiss (blitz)"]
[EventRounds "11"]
[EventCountry "USA"]
[SourceTitle "CBM 201 Extra"]
[Source "ChessBase"]
[SourceDate "2021.05.31"]
[SourceVersion "1"]
[SourceVersionDate "2021.05.31"]
[SourceQuality "1"]

1. d4 d5 2. Bg5 Nf6 3. e3 Bf5 4. c4 e6 5. Qb3 b6 6. Bxf6 gxf6 7. cxd5 exd5 8. Bd3 Be6 9. Ne2 Bd6 10. Nbc3 c6 11. Qc2 h6 12. Nf4 Qd7 13. 0-0-0 b5 14. Nh5 Be7 15. Ng7+ Kf8 16. Nf5 a5 17. f4 Bxf5 18. Bxf5 Qb7 19. e4 b4 20. Ne2 Na6 21. Kb1 c5 22. exd5 a4 23. dxc5 b3 24. Qc4 bxa2+ 25. Kxa2 Bxc5 26. d6 Nb4+ 27. Ka1 Be3 28. d7 Kg7 29. Nc3 a3 30. b3 Rhd8 31. Nd5 Nxd5 32. Qxd5 Qb4 33. Rd3 Bxf4 34. Qc4 Be5+ 35. Ka2 Qb6 36. Rc1 Ra7 37. Rc2 Rc7 38. Qg4+ Kf8 39. Rxc7 Qxc7 40. Rd2 Qc3 41. Rd1 Qb2# 0-1

[Event "Titled Tuesday intern op 09th Mar"]
[Site "Chess.com INT"]
[Date "2021.03.09"]
[Round "4"]
[White "Nasyrova, Ekaterina"]
[Black "Bromann, Thorbjorn"]
[Result "1/2-1/2"]
[WhiteElo "2168"]
[BlackElo "2392"]
[PlyCount "170"]
[EventDate "2021.03.09"]
[EventType "swiss (blitz)"]
[EventRounds "11"]
[EventCountry "USA"]
[SourceTitle "CBM 201 Extra"]
[Source "ChessBase"]
[SourceDate "2021.05.31"]
[SourceVersion "1"]
[SourceVersionDate "2021.05.31"]
[SourceQuality "1"]

1. Nf3 g6 2. c4 Bg7 3. d4 d6 4. g3 Nc6 5. Nc3 e5 6. d5 Nce7 7. Bg2 f5 8. e4 Nf6 9. Ng5 0-0 10. 0-0 c6 11. c5 h6 12. dxc6 hxg5 13. cxb7 Bxb7 14. Qb3+ d5 15. exd5 Bxd5 16. Nxd5 Nfxd5 17. Bxg5 Bf6 18. Bxf6 Rxf6 19. Rfd1 e4 20. f3 Qb8 21. Qc4 Qb4 22. Qxb4 Nxb4 23. fxe4 fxe4 24. Bxe4 Rc8 25. a3 Nbc6 26. b4 Ne5 27. Rac1 Nf5 28. Bd5+ Kg7 29. Bb7 Rc7 30. Bg2 Ne3 31. Rd2 Nxg2 32. Rxg2 Nd3 33. Rd1 Ne5 34. Re2 Nc4 35. Rde1 Nxa3 36. Ra1 Nc4 37. Kg2 Rf5 38. Rc1 Ne5 39. Rce1 Nd3 40. Re7+ Rf7 41. Rxc7 Rxc7 42. Rb1 Rb7 43. b5 Nxc5 44. Kf3 Ne6 45. Ke3 Kf6 46. Kd3 Nc7 47. Kc4 Ne6 48. Kd5 Rc7 49. b6 axb6 50. Rxb6 Rd7+ 51. Ke4 Re7 52. Kf3 Kf7 53. h4 Nd4+ 54. Kg4 Ne6 55. h5 g5 56. Rb5 Rd7 57. Rf5+ Kg7 58. Re5 Rd4+ 59. Kf5 Nf8 60. Kxg5 Nh7+ 61. Kf5 Rd6 62. g4 Kg8 63. g5 Nf8 64. g6 Rd1 65. Kg5 Rf1 66. Kh6 Rf6 67. Kg5 Rd6 68. Rf5 Ne6+ 69. Kh6 Nf8 70. Re5 Ne6 71. Rf5 Nf8 72. Rb5 Ne6 73. Rb8+ Nf8 74. Kg5 Rd5+ 75. Kg4 Rd6 76. Kg5 Rd5+ 77. Kh6 Rd6 78. Rb7 Ne6 79. Re7 Nf8 80. Rg7+ Kh8 81. Rf7 Kg8 82. Rg7+ Kh8 83. Rf7 Kg8 84. Rf5 Ne6 85. Rf7 Nf8 1/2-1/2

[Event "Titled Tuesday intern op 02nd Mar"]
[Site "Chess.com INT"]
[Date "2021.03.02"]
[Round "4"]
[White "Bromann, Thorbjorn"]
[Black "Fataliyeva, Ulviyya Hasil Qizi"]
[Result "0-1"]
[WhiteElo "2392"]
[BlackElo "2301"]
[PlyCount "56"]
[EventDate "2021.03.02"]
[EventType "swiss (blitz)"]
[EventRounds "11"]
[EventCountry "USA"]
[SourceTitle "CBM 201 Extra"]
[Source "ChessBase"]
[SourceDate "2021.05.31"]
[SourceVersion "1"]
[SourceVersionDate "2021.05.31"]
[SourceQuality "1"]

1. d4 d5 2. Bg5 g6 3. c4 c6 4. cxd5 cxd5 5. Nc3 Bg7 6. e3 Nf6 7. Nf3 0-0 8. h3 Nc6 9. Bd3 Bf5 10. 0-0 Bxd3 11. Qxd3 a6 12. Rac1 Rc8 13. Na4 Qa5 14. b3 Ne4 15. Nc5 Nb4 16. Qb1 Nxc5 17. dxc5 Rfe8 18. e4 Nxa2 19. Bd2 Qa3 20. Rc2 Nb4 21. Rcc1 dxe4 22. Qxe4 a5 23. Ne5 Qxb3 24. Nd7 Rc7 25. Nb6 Nc6 26. Qf4 e5 27. Qe4 Qe6 28. Nd5 Rd7 0-1

[Event "Titled Tuesday intern op 02nd Mar"]
[Site "Chess.com INT"]
[Date "2021.03.02"]
[Round "6"]
[White "Bromann, Thorbjorn"]
[Black "Korkmaz, Necmettin"]
[Result "1-0"]
[WhiteElo "2392"]
[BlackElo "2101"]
[PlyCount "83"]
[EventDate "2021.03.02"]
[EventType "swiss (blitz)"]
[EventRounds "11"]
[EventCountry "USA"]
[SourceTitle "CBM 201 Extra"]
[Source "ChessBase"]
[SourceDate "2021.05.31"]
[SourceVersion "1"]
[SourceVersionDate "2021.05.31"]
[SourceQuality "1"]

1. d4 Nf6 2. Nc3 d5 3. Bg5 Nbd7 4. Qd3 g6 5. f3 Bg7 6. e4 dxe4 7. fxe4 Nb6 8. Nf3 h6 9. Bh4 g5 10. Bf2 c6 11. 0-0-0 Be6 12. Ne5 Ng4 13. Nxg4 Bxg4 14. Be2 Qd7 15. a4 Nc8 16. h4 gxh4 17. Rxh4 Bxe2 18. Qxe2 Nd6 19. Rg4 Rg8 20. d5 h5 21. Rxg7 Rxg7 22. e5 Nf5 23. e6 Qd6 24. Qxh5 Qf4+ 25. Kb1 0-0-0 26. Bxa7 Rxg2 27. Qxf7 Qe5 28. dxc6 Rxd1+ 29. Nxd1 bxc6 30. Bb6 Kb7 31. a5 Qd6 32. Nc3 Qd2 33. Qxf5 Qe1+ 34. Ka2 Qd2 35. Qc5 Qd6 36. Qxd6 exd6 37. Ne4 d5 38. Nd6+ Ka6 39. e7 Rxc2 40. e8Q Rxb2+ 41. Kxb2 d4 42. Qc8# 1-0

[Event "Titled Tuesday intern op 02nd Mar"]
[Site "Chess.com INT"]
[Date "2021.03.02"]
[Round "2"]
[White "Bromann, Thorbjorn"]
[Black "Zhalmakhanov, Ramazan"]
[Result "0-1"]
[WhiteElo "2392"]
[BlackElo "2420"]
[PlyCount "94"]
[EventDate "2021.03.02"]
[EventType "swiss (blitz)"]
[EventRounds "11"]
[EventCountry "USA"]
[SourceTitle "CBM 201 Extra"]
[Source "ChessBase"]
[SourceDate "2021.05.31"]
[SourceVersion "1"]
[SourceVersionDate "2021.05.31"]
[SourceQuality "1"]

1. d4 d5 2. Bg5 c5 3. dxc5 Nf6 4. Nf3 Ne4 5. Bf4 Nc6 6. e3 e6 7. Nbd2 Nxc5 8. c4 Be7 9. cxd5 exd5 10. Be2 0-0 11. 0-0 Bf6 12. Qc2 Ne6 13. Bg3 d4 14. e4 Nb4 15. Qb3 a5 16. a3 d3 17. axb4 dxe2 18. Rfe1 Nd4 19. Nxd4 Qxd4 20. Rxe2 Be6 21. Qe3 axb4 22. Rxa8 Rxa8 23. e5 Ra1+ 24. Re1 Qxe3 25. fxe3 Rxe1+ 26. Bxe1 Bxe5 27. Ne4 Bxb2 28. Bxb4 f5 29. Nc5 Bd5 30. Nd3 Bf6 31. Kf2 Kf7 32. Nf4 Bc4 33. g3 g5 34. Ne2 Bxe2 35. Kxe2 Ke6 36. Kd3 Kd5 37. Ba5 g4 38. Bb4 b5 39. Bd2 Be7 40. Bc3 b4 41. Bd4 b3 42. Bb2 Bd6 43. Bc1 Be5 44. Ba3 b2 45. Kc2 Ke4 46. Bxb2 Bxb2 47. Kxb2 Kxe3 0-1

[Event "Titled Tuesday intern op 02nd Mar"]
[Site "Chess.com INT"]
[Date "2021.03.02"]
[Round "5"]
[White "Okike, David"]
[Black "Bromann, Thorbjorn"]
[Result "0-1"]
[WhiteElo "2177"]
[BlackElo "2392"]
[PlyCount "70"]
[EventDate "2021.03.02"]
[EventType "swiss (blitz)"]
[EventRounds "11"]
[EventCountry "USA"]
[SourceTitle "CBM 201 Extra"]
[Source "ChessBase"]
[SourceDate "2021.05.31"]
[SourceVersion "1"]
[SourceVersionDate "2021.05.31"]
[SourceQuality "1"]

1. e4 g6 2. d4 Bg7 3. Nc3 d6 4. Be3 a6 5. Qd2 Nd7 6. 0-0-0 b5 7. f3 Bb7 8. Kb1 Rc8 9. Nce2 c5 10. Nc1 cxd4 11. Bxd4 Ngf6 12. Be3 Qc7 13. Bd3 Ne5 14. Bh6 Bxh6 15. Qxh6 Nxd3 16. Rd2 Nxc1 17. Kxc1 Qc4 18. b3 Qf1+ 19. Kb2 Rc5 20. g4 Nxe4 21. fxe4 Bxe4 22. Nf3 Qxh1 23. Ng5 Rxg5 24. Qxg5 0-0 25. Qxe7 d5 26. g5 Qg1 27. Qf6 Qg4 28. Rf2 Qe6 29. Qd4 Re8 30. c3 Qe5 31. Qd2 b4 32. a3 bxc3+ 33. Qxc3 Qxg5 34. a4 Qe5 35. Re2 d4 0-1

[Event "Titled Tuesday intern op 6th June"]
[Site "Chess.com INT"]
[Date "2020.06.02"]
[Round "7"]
[White "Bromann, Thorbjorn"]
[Black "Garcia Cardenas, Pablo"]
[Result "0-1"]
[WhiteElo "2392"]
[BlackElo "2422"]
[PlyCount "156"]
[EventDate "2020.06.02"]
[EventType "swiss (blitz)"]
[EventRounds "10"]
[EventCountry "USA"]
[SourceTitle "CBM 196 Extra"]
[Source "ChessBase"]
[SourceDate "2020.07.31"]
[SourceVersion "1"]
[SourceVersionDate "2020.07.31"]
[SourceQuality "1"]

1. d4 Nf6 2. Nc3 d5 3. Bf4 e6 4. Nb5 Na6 5. e3 Be7 6. Nf3 0-0 7. c4 c6 8. Nc3 dxc4 9. Bxc4 b5 10. Be2 Nd5 11. Nxd5 exd5 12. 0-0 Bb7 13. Ne5 Bd6 14. Rc1 Qe8 15. a4 b4 16. Bg3 Nc7 17. Qc2 Rc8 18. a5 a6 19. Bd3 g6 20. Nxg6 Bxg3 21. Nxf8 Bxh2+ 22. Kxh2 Qxf8 23. Bxh7+ Kg7 24. Bf5 Rd8 25. Qc5 Qh8+ 26. Kg1 Qh6 27. Qe7 Rh8 28. Qe5+ Kf8 29. Bh3 Ne8 30. Qf4 Qh7 31. Qg3 Bc8 32. f3 Rg8 33. Bg4 f5 34. Rxc6 fxg4 35. fxg4+ Ke7 36. Qe5+ Kd8 37. Rb6 Qe4 38. Qxe4 dxe4 39. Rxb4 Rxg4 40. d5 Ke7 41. Rd4 Bd7 42. Rf4 Rxf4 43. exf4 Kd6 44. Rxe4 Nf6 45. Rd4 Kc5 46. Rd1 Nxd5 47. g3 Bg4 48. Rc1+ Kb5 49. Kf2 Nb4 50. Ra1 Nd3+ 51. Ke3 Kc4 52. Ra3 Nxb2 53. f5 Bxf5 54. Kf4 Bd7 55. Rf3 Kb4 56. Rf1 Nc4 57. Rb1+ Kxa5 58. g4 Nd6 59. g5 Nb5 60. Ra1+ Kb6 61. g6 Be8 62. g7 Bf7 63. Ke5 a5 64. Rf1 Bc4 65. Rf6+ Kc5 66. Re6 Bxe6 67. Kxe6 Nd4+ 68. Kd7 a4 69. g8Q Nb5 70. Qa2 a3 71. Qb3 Kb6 72. Ke6 Kc5 73. Ke5 Kc6 74. Qc4+ Kb6 75. Kd5 a2 76. Qc5+ Ka5 77. Qc1 Kb4 78. Ke4 Nc3+ 0-1

[Event "Titled Tuesday intern op 26th May"]
[Site "Chess.com INT"]
[Date "2020.05.26"]
[Round "7"]
[White "Zhao, Xue"]
[Black "Bromann, Thorbjorn"]
[Result "1/2-1/2"]
[WhiteElo "2486"]
[BlackElo "2392"]
[PlyCount "78"]
[EventDate "2020.05.26"]
[EventType "swiss (blitz)"]
[EventRounds "10"]
[EventCountry "USA"]
[SourceTitle "CBM 196 Extra"]
[Source "ChessBase"]
[SourceDate "2020.07.31"]
[SourceVersion "1"]
[SourceVersionDate "2020.07.31"]
[SourceQuality "1"]

1. d4 e6 2. c4 Bb4+ 3. Nd2 d5 4. Ngf3 Nf6 5. e3 0-0 6. Bd3 dxc4 7. Bxc4 c5 8. 0-0 cxd4 9. Nxd4 e5 10. N4f3 Nc6 11. a3 Bd6 12. Bd3 Qe7 13. Ne4 Nxe4 14. Bxe4 f5 15. Bd5+ Kh8 16. e4 f4 17. Bxc6 bxc6 18. Qc2 Bg4 19. Qc3 Qf6 20. h3 Bh5 21. Re1 g5 22. b3 g4 23. hxg4 Bxg4 24. Bb2 Rae8 25. Rad1 Bc7 26. Rc1 Re6 27. b4 Rg8 28. Kf1 Qg7 29. b5 Bh5 30. Nh4 Bd8 31. Qh3 Bxh4 32. Rxc6 Rxc6 33. bxc6 Bf6 34. Qxh5 Qxg2+ 35. Ke2 Qxe4+ 36. Kf1 Qg2+ 37. Ke2 Qe4+ 38. Kf1 Qg2+ 39. Ke2 Qe4+ 1/2-1/2

[Event "Titled Tuesday intern op 19th May"]
[Site "Chess.com INT"]
[Date "2020.05.19"]
[Round "1"]
[White "Bromann, Thorbjorn"]
[Black "Safarli, Eltaj"]
[Result "0-1"]
[WhiteElo "2392"]
[BlackElo "2598"]
[PlyCount "58"]
[EventDate "2020.05.19"]
[EventType "swiss (blitz)"]
[EventRounds "10"]
[EventCountry "USA"]
[SourceTitle "EXT 2021"]
[Source "ChessBase"]
[SourceDate "2020.10.23"]
[SourceVersion "1"]
[SourceVersionDate "2020.10.23"]
[SourceQuality "1"]

1. d4 Nf6 2. Nc3 d5 3. Bf4 g6 4. Nb5 Na6 5. e3 Bg7 6. Nf3 0-0 7. c4 c5 8. a3 Bd7 9. Nc3 cxd4 10. Nxd4 Bg4 11. Be2 Bxe2 12. Qxe2 dxc4 13. Qxc4 Rc8 14. Qe2 Nd5 15. Nxd5 Qxd5 16. Nf3 Qa5+ 17. Qd2 Qxd2+ 18. Nxd2 Bxb2 19. Rb1 Bxa3 20. 0-0 Bb4 21. Nf3 Rfd8 22. Rb3 f6 23. Rfb1 e5 24. Bg3 b6 25. h4 Ba5 26. h5 Nc5 27. Rb5 Ne4 28. hxg6 hxg6 29. Bh2 Nc3 0-1